Statistics for Friends Episodes

Click here to take the quiz!

General Stats

  • This quiz has been taken 21,707 times
  • The average score is 77 of 226

Answer Stats

SeasonEpisodeEpisode Name% Correct
423, 24... with {Ross}'s Wedding
82%
27... where {Ross} Finds Out
82%
723, 24... with {Monica} and
Chandler's Wedding
81%
124... where {Rachel} Finds Out
80%
1017, 18The {Last} One
78%
812... where {Joey} Dates Rachel
75%
11The {Pilot}
73%
1012... with {Phoebe}'s Wedding
72%
101... where Joey and Rachel {Kiss}
71%
21... with Ross's New {Girlfriend}
65%
45... with Joey's New {Girlfriend}
64%
321... with a Chick and a {Duck}
64%
313... where Monica and Richard
are Just {Friends}
63%
620... with {Mac} and C.H.E.E.S.E.
62%
823, 24... where Rachel Has a {Baby}
62%
613... with Rachel's {Sister}
59%
18... where {Nana} Dies Twice
59%
522... with Joey's Big {Break}
58%
712... where They're Up All {Night}
57%
24... with Phoebe's {Husband}
57%
510... with the Inappropriate {Sister}
57%
716... with the Truth About {London}
57%
14... with {George} Stephanopoulos
57%
224... with Barry and
{Mindy}'s Wedding
57%
523... in {Vegas}
57%
1013... where Joey Speaks {French}
56%
66... on the Last {Night}
56%
123... with the {Birth}
54%
324... with the {Ultimate}
Fighting Champion
54%
1011... where the Stripper {Cries}
53%
92... where Emma {Cries}
53%
26... with the Baby on the {Bus}
52%
211... with the {Lesbian} Wedding
52%
29... with Phoebe's {Dad}
50%
38... with the Giant {Poking} Device
50%
910... with {Christmas} in Tulsa
50%
58... with All the {Thanksgivings}
49%
35... with {Frank} Jr.
49%
217... where Eddie {Moves} {In}
49%
722... with Chandler's {Dad}
49%
49... where They're Going
to {Party}!
48%
714... where They All Turn {Thirty}
48%
57... where Ross {Moves} {In}
48%
416... with the Fake {Party}
48%
31... with the {Princess} {Leia} Fantasy
47%
214... with the {Prom} Video
47%
1016... with Rachel's
{Going} {Away} Party
47%
48... with Chandler in a {Box}
47%
710... with the Holiday {Armadillo}
47%
615, 16... That {Could} {Have} Been
47%
618... where Ross Dates a {Student}
46%
32... where No One's {Ready}
46%
218... where Dr. {Ramoray} Dies
45%
25... with Five Steaks and
an {Eggplant}
45%
110... with the {Monkey}
44%
78... where Chandler Doesn't
Like {Dogs}
44%
614... where Chandler Can't {Cry}
44%
216... where Joey {Moves} {Out}
44%
621... where Ross Meets
{Elizabeth}'s Dad
43%
37... with the {Race} {Car} Bed
43%
1014... with Princess {Consuela}
43%
1015... where {Estelle} Dies
43%
417... with the Free {Porn}
43%
121... with the {Fake} Monica
42%
23... where {Heckles} Dies
42%
512... with Chandler's Work {Laugh}
42%
325... at the {Beach}
42%
88... with the {Stripper}
41%
520... with the {Ride}-Along
41%
311... where Chandler Can't
Remember {Which} {Sister}
40%
51... where Ross {Says} Rachel
40%
112... with the Dozen {Lasagnas}
40%
109... with the Birth {Mother}
40%
91... where {No} {One} Proposes
39%
515... with the Girl Who {Hits} Joey
39%
923, 24... in {Barbados}
39%
111... with Mrs. {Bing}
38%
82... with the Red {Sweater}
38%
622... where {Paul}'s the Man
38%
96... with the Male {Nanny}
38%
102... where Ross is {Fine}
38%
97... with Ross's
Inappropriate {Song}
37%
42... with the {Cat}
37%
122... with the {Ick} Factor
37%
215... where Ross and Rachel...
{You} {Know}
37%
13... with the {Thumb}
37%
12... with the {Sonogram} at the End
36%
54... where Phoebe Hates {PBS}
36%
521... with the {Ball}
36%
514... where {Everybody} Finds Out
36%
83... where Rachel {Tells}...
36%
85... with Rachel's {Date}
36%
15... with the {East} {German}
Laundry Detergent
36%
822... where Rachel is {Late}
35%
816... where Joey {Tells} Rachel
35%
108... with the {Late} Thanksgiving
34%
19... where {Underdog} Gets Away
34%
813... where Chandler Takes a {Bath}
33%
315... where Ross and Rachel
{Take} {a} {Break}
32%
39... with the {Football}
32%
219... where Eddie {Won}'{t} {Go}
32%
314... with Phoebe's Ex-{Partner}
32%
95... with Phoebe's Birthday {Dinner}
32%
119... where the Monkey
{Gets} {Away}
32%
410... with the Girl from
{Poughkeepsie}
32%
34... with the Metaphorical {Tunnel}
31%
624, 25... with the {Proposal}
31%
418... with Rachel's New {Dress}
31%
71... with Monica's {Thunder}
31%
17... with the {Blackout}
31%
103... with Ross's {Tan}
30%
820... with the Baby {Shower}
30%
44... with the {Ballroom} Dancing
30%
64... where Joey Loses
His {Insurance}
29%
611... with the {Apothecary} Table
29%
120... with the Evil {Orthodontist}
29%
817... with the {Tea} Leaves
29%
59... with Ross's {Sandwich}
29%
75... with the {Engagement} Picture
28%
717... with the {Cheap} Wedding Dress
28%
720... with Rachel's {Big} Kiss
28%
623... with the {Ring}
28%
821... with the {Cooking} Class
28%
77... with Ross's {Library} Book
28%
69... where Ross Got {High}
28%
52... with All the {Kissing}
28%
422... with the Worst {Best} {Man} Ever
28%
719... with Ross and
Monica's {Cousin}
27%
107... with the {Home} Study
27%
68... with Ross's {Teeth}
27%
815... with the {Birthing} Video
27%
513... with Joey's {Bag}
27%
79... with All the {Candy}
26%
62... where Ross {Hugs} Rachel
26%
914... with the {Blind} Dates
26%
319... with the Tiny {T}-{shirt}
26%
47... where Chandler
{Crosses} {the} {Line}
26%
76... with the {Nap} Partners
26%
814... with the Secret {Closet}
26%
713... where {Rosita} Dies
25%
81... where '{I} {Do}'
25%
412... with the {Embryos}
25%
86... with the {Halloween} Party
25%
222... with the Two {Parties}
25%
212... after the {Superbowl}
25%
104... with the {Cake}
25%
65... with Joey's {Porsche}
25%
310... where Rachel {Quits}
25%
72... with Rachel's {Book}
24%
16... with the {Butt}
24%
61... {after} {Vegas}
24%
115... with the {Stoned} Guy
24%
105... where Rachel's Sister {Babysits}
24%
118... with All the {Poker}
24%
67... where Phoebe {Runs}
24%
28... with the {List}
24%
41... with the {Jellyfish}
24%
519... where Ross Can't {Flirt}
23%
610... with the {Routine}
23%
413... with Rachel's {Crush}
23%
74... with Rachel's {Assistant}
23%
517... with Rachel's {Inadvertent} Kiss
23%
33... with the {Jam}
23%
411... with Phoebe's {Uterus}
23%
323... with Ross's {Thing}
23%
419... with All the {Haste}
22%
317... without the {Ski} {Trip}
22%
921... with the {Fertility} Test
22%
53The {One} {Hundredth}
22%
711... with All the {Cheesecakes}
22%
612... with the {Joke}
22%
210... with {Russ}
21%
316... with the {Morning} where
21%
518... where Rachel {Smokes}
21%
116, 17... with {Two} {Parts}
21%
220... where {Old} {Yeller} Dies
21%
516... with the {Cop}
20%
810... with Monica's {Boots}
20%
617... with {Unagi}
20%
913... where Monica {Sings}
20%
113... with the {Boobies}
20%
1010... where Chandler Gets {Caught}
20%
36... with the {Flashback}
20%
715... with Joey's New {Brain}
19%
912... with Phoebe's {Rats}
19%
98... with Rachel's {Other} {Sister}
19%
415... with All the {Rugby}
19%
56... with the {Yeti}
19%
911... where Rachel Goes
{Back} {to} {Work}
19%
918... with the {Lottery}
19%
318... with the {Hypnosis} Tape
19%
420... with All the {Wedding} {Dresses}
19%
94... with the {Sharks}
18%
73... with Phoebe's {Cookies}
18%
511... with All the {Resolutions}
18%
312... with All the {Jealousy}
18%
114... with the {Candy} {Hearts}
18%
917... with the {Memorial} Service
17%
920... with the {Soap} {Opera} Party
17%
619... with Joey's {Fridge}
17%
320... with the {Dollhouse}
17%
22... with the {Breast} {Milk}
17%
84... with the {Videotape}
17%
55... with the {Kips}
17%
414... with Joey's {Dirty} {Day}
17%
811... with the {Creepy} Holiday Card
17%
223... with the {Chicken} {Pox}
16%
818... in {Massapequa}
16%
46... with the {Dirty} {Girl}
16%
421... with the {Invitation}
16%
106... with Ross's {Grant}
16%
221... with the {Bullies}
16%
322... with the {Screamer}
16%
919... with Rachel's {Dream}
16%
63... with Ross's {Denial}
15%
819... with Joey's {Interview}
15%
43... with the {Cuffs}
15%
718... with Joey's {Award}
14%
89... with the {Rumor}
14%
922... with the {Donor}
14%
99... with Rachel's {Phone} {Number}
14%
721... with the {Vows}
14%
916... with the {Boob} {Job}
13%
87... with the {Stain}
13%
93... with the {Pediatrician}
13%
915... with the {Mugging}
12%

Score Distribution

Percentile by Number Answered

Percent of People with Each Score

Your Score History

You have not taken this quiz